Music Quiz

Random Music or Kpop Quiz

K-Pop Idols Quiz Stats

 Plays Quiz not verified by Sporcle

Score 0/286 Timer 20:00
0 Plays Today
Hint Answer % Correct
BTSV
99.1%
InfiniteL
98.2%
U-KissJun
98%
EXOD.O.
97.5%
SeventeenJun
97.3%
BTSRap Monster
97.3%
BTSJimin
97%
AOAJimin
97%
EXOKai
96.8%
BTSJin
96.7%
Miss AMin
96.4%
VIXXN
96%
BTSJungkook
95.5%
EXOBaekhyun
95.3%
BTSSuga
95.3%
EXOSuho
94.9%
EXOSehun
94.9%
EXOChen
94.5%
BTSJ-Hope
94.4%
EXOLay
94.3%
EXOChanyeol
94.1%
GOT7Mark
94.1%
GOT7Jackson
94.1%
GOT7BamBam
93.9%
EXOXiumin
93.7%
NCTMark
93.3%
f(x)Amber
93.2%
SHINeeTaemin
92.9%
Big BangG-Dragon
92.9%
GOT7JB
92.8%
Big BangT.O.P
92.6%
SHINeeMinho
92%
Big BangTaeyang
91.7%
2NE1CL
91.3%
SHINeeKey
90.5%
f(x)Krystal
90.5%
SHINeeOnew
90.2%
Big BangSeungri
89.9%
GOT7Junior
89.4%
4MinuteHyuna
89.3%
SHINeeJonghyun
89.3%
2NE1Bom
89.2%
Big BangDaesung
89%
2NE1Dara
88.6%
B.A.PYoungjae
87.7%
GOT7Youngjae
87.7%
f(x)Victoria
87.1%
Super JuniorLeeteuk
86.7%
f(x)Luna
86.7%
Red VelvetJoy
86.4%
EXIDLE
85.7%
Red VelvetIrene
85.3%
SNSDTaeyeon
85.2%
Red VelvetWendy
84.6%
TwiceMomo
84.5%
VIXXRavi
84.2%
VIXXLeo
83.8%
SNSDTiffany
83.7%
Super JuniorHeechul
83.5%
SNSDSunny
83.4%
CNBlueJonghyun
83.2%
SNSDYuri
82.8%
BTOBMinhyuk
82.5%
GOT7Yugyeom
82.5%
SNSDYoona
81.6%
Red VelvetYeri
81.3%
VIXXHyuk
80.7%
Red VelvetSeulgi
79.8%
Block BZico
79.8%
VIXXKen
79.8%
Miss ASuzy
79.5%
B.A.PZelo
79.5%
AOAMina
78.6%
VIXXHongbin
78%
Super JuniorSiwon
77.9%
After SchoolNana
77.8%
SistarBora
77.7%
iKONB.I
77.6%
SeventeenVernon
77.4%
Monsta XHyungwon
77.4%
B1A4Jinyoung
77.2%
U-KissKevin
77.2%
InfiniteHoya
77.2%
BTOBSungjae
77.2%
SNSDSeohyun
76.9%
SistarHyorin
76.9%
HighlightYoseob
76.5%
Miss AFei
76.3%
Monsta XJooheon
76.3%
EXIDJunghwa
76%
iKONBobby
75.8%
InfiniteDongwoo
75.4%
Super JuniorHenry
75.3%
B.A.PYongguk
75.3%
TwiceMina
75.2%
SNSDSooyoung
74.8%
Hint Answer % Correct
EXIDSolji
74.7%
B.A.PDaehyun
74.6%
Block BP.O.
74.5%
B.A.PHimchan
74.2%
Teen TopNiel
74.2%
2PMTaecyeon
74.2%
BTOBIlhoon
74.2%
BTOBPeniel
74.2%
SeventeenWoozi
73.9%
Girl's DayMinah
73.8%
Monsta XMinhyuk
73.3%
NCTTaeyong
73.2%
Super JuniorEunhyuk
73%
SNSDHyoyeon
73%
InfiniteSunggyu
73%
U-KissEli
72.7%
SeventeenS.Coups
72.7%
AOAChoa
72.7%
TwiceDahyun
72.7%
CNBlueMinhyuk
72.5%
After SchoolLizzy
72.4%
2PMJun.K
72.4%
Monsta XWonho
72.4%
Block BTaeil
72.4%
Super JuniorDonghae
72.3%
4MinuteGayoon
72.2%
EXIDHani
72%
2PMNichkhun
71.8%
HighlightDoojoon
71.7%
4MinuteJiyoon
71.6%
SistarDasom
71.5%
InfiniteWoohyun
71.5%
Block BB-Bomb
71.5%
Girl's DayHyeri
71.3%
2PMJunho
71.2%
SeventeenJoshua
70.9%
B.A.PJongup
70.8%
Super JuniorKyuhyun
70.8%
Super JuniorShindong
70.8%
4MinuteJihyun
70.7%
Teen TopC.A.P
70.6%
SeventeenDino
70.3%
BTOBEunkwang
70.3%
WinnerMino
70.2%
Super JuniorYesung
70%
InfiniteSungyeol
70%
HighlightDongwoon
70%
NU'ESTJR
69.8%
ApinkEunji
69.7%
SeventeenThe8
69.4%
Teen TopRicky
69.4%
HighlightKikwang
69.3%
MAMAMOOWheein
69.1%
Monsta XI.M
69.1%
TVXQMax
68.9%
InfiniteSungjong
68.8%
4MinuteSohyun
68.7%
SeventeenHoshi
68.5%
ApinkBomi
68.5%
Super JuniorRyeowook
68.5%
Super JuniorKangin
68.5%
SeventeenDK
68.2%
Teen TopL.Joe
68.2%
After SchoolRaina
68%
EXIDHyerin
68%
NCTTaeil
67.8%
After SchoolUee
67.6%
SistarSoyou
67.4%
NU'ESTRen
67.1%
TwiceJihyo
67.1%
TVXQU-Know
66.9%
HighlightJunhyung
66.8%
Super JuniorZhou Mi
66.7%
Teen TopChunji
66.5%
2PMWooyoung
66.5%
Girl's DayYura
66.4%
T-araQri
66.2%
Block BU-Kwon
65.9%
TwiceSana
65.6%
SeventeenMingyu
65.3%
GFriendUmji
65.3%
Super JuniorSungmin
65.2%
Teen TopChangjo
65%
MAMAMOOSolar
65%
Block BKyung
65%
ApinkNaeun
64.7%
MAMAMOOHwasa
64.4%
BTOBChangsub
64.1%
GFriendSinB
64.1%
Monsta XShownu
64%
NCTWinWin
63.8%
SeventeenWonwoo
63.5%
2PMChansung
63.5%
SeventeenJeonghan
63.2%
AOASeolhyun
62.9%
U-KissKiseop
62.6%
Hint Answer % Correct
NCTTen
62.4%
ApinkChorong
62.3%
TwiceTzuyu
62.3%
T-araJiyeon
61.8%
BTOBHyunsik
61.7%
Girl's DaySojin
61.3%
U-KissAJ
61.1%
Monsta XKihyun
60.9%
TwiceNayeon
60.8%
U-KissHoon
60.5%
U-KissSoohyun
60%
Block BJaehyo
59.6%
SeventeenSeungkwan
59.3%
ApinkNamjoo
58.8%
T-araBoram
58.7%
MAMAMOOMoonbyul
58.2%
Crayon PopChoa
58%
TwiceChaeyoung
57.9%
NCTDoyoung
57.7%
AstroEunwoo
57.2%
TwiceJeongyeon
57.1%
WinnerTaehyun
57.1%
GFriendSowon
56.7%
iKONJunhoe
56.5%
GFriendEunha
56.4%
NU'ESTMinhyun
56.4%
WinnerSeunghoon
55.9%
AOAChanmi
55.8%
B1A4Baro
55.7%
ApinkHayoung
55.2%
NU'ESTAron
55%
NCTJaehyun
55%
WinnerJinwoo
54.7%
AstroMJ
54.3%
AstroRocky
54.3%
WinnerSeungyoon
54%
iKONJinhwan
54%
iKONChanwoo
54%
Wonder GirlsSunmi
53.7%
CNBlueYonghwa
53.7%
AstroMoonbin
53.6%
AstroSanha
53.6%
T-araEunjung
53.1%
B1A4CNU
53%
NU'ESTBaekho
53%
AstroJin Jin
52.9%
AOAYuna
52.5%
T-araHyomin
52.2%
GFriendYuju
52.2%
Brown Eyed GirlsGain
51%
B1A4Sandeul
51%
iKONDonghyuk
50.9%
NCTHaechan
49.7%
T-araSoyeon
49.3%
GFriendYerin
49.1%
B1A4Gongchan
49%
NCTYuta
49%
After SchoolE-Young
48.4%
Brown Eyed GirlsNarsha
47%
BoyfriendMinwoo
47%
iKONYunhyeong
46.6%
After SchoolKaeun
46.4%
KaraHara
46.3%
AOAHyejeong
46%
Brown Eyed GirlsJea
45%
BoyfriendKwangmin
45%
Wonder GirlsYubin
44.3%
CNBlueJungshin
44.3%
BoyfriendYoungmin
44.3%
BoyfriendDonghyun
43.6%
KaraGyuri
40.9%
Wonder GirlsYeeun
40.9%
KaraYoungji
40.3%
AOAYoukyung
39.2%
BoyfriendJeongmin
38.9%
SecretHana
38.3%
KaraSeungyeon
38.3%
Brown Eyed GirlsMiryo
37.6%
BoyfriendHyunseong
37.6%
SecretHyosung
36.9%
SecretJieun
36.9%
SecretSunhwa
34.9%
RainbowJaekyung
34.2%
Wonder GirlsHyerim
32.9%
Crayon PopWay
30.9%
RainbowWoori
29.5%
Crayon PopSoyul
29.5%
RainbowNoeul
27.5%
Crayon PopEllin
27.5%
RainbowJisook
26.2%
Crayon PopGummi
26.2%
RainbowHyunyoung
24.2%
RainbowSeungah
22.8%
RainbowYoonhye
22.1%

You're not logged in!

Compare scores with friends on all Sporcle quizzes.
OR
Log In

Show Comments

Extras

Created Mar 6, 2014ReportNominate
Tags:Kpop Quiz, idol, Kpop Quiz, pop

Top Quizzes Today


Score Distribution

Your Account Isn't Verified!

In order to create a playlist on Sporcle, you need to verify the email address you used during registration. Go to your Sporcle Settings to finish the process.

Report this User

Report this user for behavior that violates our Community Guidelines.

Details: